|
|
|
|
| LEADER |
00000cam a2200000 a 4500 |
| 001 |
vtls008332800 |
| 003 |
SK-MaSNL |
| 005 |
20260302003747.0 |
| 008 |
240314s1973 xo a e n 000 0 slo |
| 015 |
|
|
|a SNBA1973/11-02615
|
| 035 |
|
|
|a SK01SNK19730025017
|
| 035 |
|
|
|a SKM000027480
|
| 040 |
|
|
|a SNK
|b slo
|c SNK
|e AACR2
|
| 041 |
0 |
|
|a slo
|
| 044 |
|
|
|a xo
|c SK
|
| 080 |
|
|
|a 339.5(437)(075.8)
|2 1981
|
| 100 |
1 |
|
|a Onduš, Michal,
|d 1929-1983
|4 aut
|9 49220
|
| 245 |
1 |
0 |
|a Vybrané kapitoly z obchodných operácií 1
|b ... učeb. pomôcka pre internú potrebu posl. VŠE ...
|c Michal Onduš
|
| 260 |
|
|
|a Bratislava
|b Vysoká škola ekonomická
|c 1973
|
| 300 |
|
|
|a 178 s.
|b ilustr., sch., tab.
|c 4°
|
| 366 |
|
|
|e 300 výt.
|
| 490 |
1 |
|
|a Vysokoškolské skriptá
|
| 500 |
|
|
|a Pozn. Vysvetl. Schémy
|
| 504 |
|
|
|a Bibliogr. odkazy
|
| 650 |
0 |
7 |
|a zahraničný obchod
|2 SNKPH
|9 2200
|
| 650 |
0 |
7 |
|a obchodné operácie
|2 SNKPH
|9 2203
|
| 655 |
|
7 |
|a učebnice vysokých škôl
|2 SNKPH
|9 70191
|
| 830 |
|
0 |
|a Vysokoškolské skriptá
|9 276440
|
| 958 |
|
|
|a OND
|
| 958 |
|
|
|a UV
|
| 958 |
|
|
|a RM
|
| 958 |
|
|
|a RK
|
| 958 |
|
|
|a NB
|
| 999 |
|
|
|c 993231
|d 995161
|
| 952 |
|
|
|a SNK
|b SNK
|y PREZ
|7 0
|p 17A0899718
|o snkSB 20042/1
|i snkKSP 7415/73
|0 0
|1 0
|4 0
|d 2014-04-04
|f 1
|l 0
|r 2025-03-25 00:00:00
|w 2026-02-24
|
| 952 |
|
|
|a SNK
|b SNK
|y VYP
|7 0
|o snkSB 20042/1 D1
|i snkKSP 7416/73
|0 0
|1 0
|4 0
|d 2014-04-04
|l 0
|r 2026-02-24 11:55:39
|w 2026-02-24
|